Вып. 33; Достижения и перспективы

Detalles Bibliográficos
Parent link:Достижения и перспективы: сборник/ Международный центр научной и технической информации ; гл. ред. Д. М. Гвишиани. Вып. 33.— , 1978-1985
Lenguaje:ruso
Publicado: 1984
Colección:Природные ресурсы и окружающая среда № 11
Materias:
Formato: MixedMaterials Libro
KOHA link:https://koha.lib.tpu.ru/cgi-bin/koha/opac-detail.pl?biblionumber=293029

MARC

LEADER 00000nam2a2200000 4500
001 293029
005 20231102000544.0
035 |a (RuTPU)RU\TPU\book\317859 
090 |a 293029 
100 |a 20150428d1984 k y0rusy50 ca 
101 0 |a rus 
102 |a RU 
105 |a a z 001zy 
200 0 |a Вып. 33 
210 |d 1984 
215 |a 146 с.  |c ил. 
225 1 |a Природные ресурсы и окружающая среда  |v № 11 
320 |a Библиогр. в конце ст. 
461 1 |0 (RuTPU)RU\TPU\book\302078  |t Достижения и перспективы  |o сборник  |f Международный центр научной и технической информации ; гл. ред. Д. М. Гвишиани  |v Вып. 33  |d 1978-1985 
606 1 |a Природные ресурсы  |2 stltpush  |3 (RuTPU)RU\TPU\subj\51704  |9 70272 
610 1 |a минерально-сырьевая база 
610 1 |a рациональное использование 
610 1 |a социалистические страны 
610 1 |a социалистические страны 
610 1 |a международное сотрудничество 
610 1 |a топливно-энергетический комплекс 
610 1 |a программно-целевое планирование 
610 1 |a окружающая среда 
610 1 |a охрана 
610 1 |a системный подход 
610 1 |a потребление 
610 1 |a воспроизведение 
675 |a 553.04  |v 4 
801 1 |a RU  |b 63413507  |c 20150428 
801 2 |a RU  |b 63413507  |c 20180426  |g RCR 
942 |c BK